[Event "British Columbia-ch"]
[Site "Vancouver CAN"]
[Date "1999.04.01"]
[Round "1"]
[White "Davies, Alex"]
[Black "Hallam, John"]
[Result "0-1"]
[WhiteElo "2143"]
[BlackElo "2296"]
[PlyCount "138"]
[GameId "2160767911805280"]
[EventDate "1999.04.01"]
[EventType "tourn"]
[EventRounds "9"]
[EventCountry "CAN"]

1. e4 c6 2. d4 d5 3. e5 Bf5 4. Nc3 e6 5. g4 Bg6 6. h4 f6 7. exf6 Nxf6 8. h5 Bf7 9. g5 Nfd7 10. Rh3 Bd6 11. g6 Bg8 12. gxh7 Bxh7 13. Bd3 Bxd3 14. Qxd3 Qe7 15. Nf3 Na6 16. Bg5 Qf7 17. O-O-O Nf6 18. Bd2 O-O-O 19. Ng5 Qd7 20. Re1 Nc7 21. Qg6 Rdf8 22. Rhe3 Rh6 23. Qd3 Nxh5 24. Qe2 Nf4 25. Qg4 Rfh8 26. Rg1 Rh4 27. Qd1 c5 28. dxc5 Bxc5 29. Rf3 e5 30. Bxf4 exf4 31. Rd3 Bxf2 32. Nxd5 Nxd5 33. Rxd5 Qe7 34. Rf1 Be3+ 35. Kb1 R4h5 36. Nf3 Rxd5 37. Qxd5 Rd8 38. Qc4+ Qc7 39. Qe6+ Qd7 40. Qc4+ Kb8 41. a3 Qd5 42. Qe2 Qe4 43. Rg1 g6 44. Rg5 Rd5 45. Rxd5 Qxd5 46. Qg2 Qh5 47. Ka1 Kc7 48. Kb1 a5 49. Ka1 b6 50. Kb1 Kd6 51. Ka1 Ke6 52. Ng5+ Kf6 53. Ne4+ Ke5 54. Nc3 f3 55. Qg3+ Kf5 56. Nd5 Bc5 57. Qf4+ Ke6 58. Qe4+ Kd6 59. c4 Qg5 60. Nf4 f2 61. Qe6+ Kc7 62. Qf7+ Kc8 63. Qe6+ Kd8 64. Qg8+ Ke7 65. Qe6+ Kf8 66. Qc8+ Kf7 67. Qe6+ Kg7 68. Qd7+ Qe7 69. Ne6+ Kf6 0-1

[Event "British Columbia-ch"]
[Site "Vancouver CAN"]
[Date "1999.04.01"]
[Round "1"]
[White "Ferguson, Jim"]
[Black "Yoos, John"]
[Result "0-1"]
[WhiteElo "2195"]
[BlackElo "2291"]
[PlyCount "70"]
[GameId "2160767911805281"]
[EventDate "1999.04.01"]
[EventType "tourn"]
[EventRounds "9"]
[EventCountry "CAN"]
[SourceTitle "EXT 2001"]
[Source "ChessBase"]
[SourceDate "2000.11.22"]
[SourceVersion "1"]
[SourceVersionDate "2000.11.22"]
[SourceQuality "1"]

1. c4 g6 2. Nc3 d6 3. d4 Bg7 4. e4 Nf6 5. Be2 O-O 6. Nf3 e5 7. d5 a5 8. h4 c6 9. Nd2 h5 10. Nf3 Na6 11. Ng5 Bd7 12. Be3 Ng4 13. Bxg4 Bxg4 14. Qd2 f6 15. Nh3 Rf7 16. f3 Bc8 17. Rd1 Bf8 18. Na4 cxd5 19. cxd5 Nc5 20. Nxc5 dxc5 21. Nf2 b6 22. g4 Rh7 23. g5 Bd6 24. f4 Rf7 25. fxe5 fxe5 26. a3 Ba6 27. Qc3 Qc7 28. Kd2 Raf8 29. Nd3 c4 30. Nc1 Rf3 31. Rde1 Qd7 32. Qc2 b5 33. Qd1 b4 34. Kc2 bxa3 35. bxa3 Bxa3 0-1

[Event "British Columbia-ch"]
[Site "Vancouver CAN"]
[Date "1999.04.01"]
[Round "1"]
[White "Milicevic, Dragoljub"]
[Black "Zuk, Robert"]
[Result "0-1"]
[WhiteElo "2226"]
[BlackElo "2305"]
[PlyCount "116"]
[GameId "2160767911805283"]
[EventDate "1999.04.01"]
[EventType "tourn"]
[EventRounds "9"]
[EventCountry "CAN"]
[SourceTitle "EXT 2001"]
[Source "ChessBase"]
[SourceDate "2000.11.22"]
[SourceVersion "1"]
[SourceVersionDate "2000.11.22"]
[SourceQuality "1"]

1. Nf3 Nf6 2. g3 b6 3. Bg2 Bb7 4. O-O e6 5. c4 c5 6. Nc3 Be7 7. Re1 d5 8. cxd5 Nxd5 9. e4 Nb4 10. d4 cxd4 11. Nxd4 N8c6 12. Be3 Nxd4 13. Bxd4 O-O 14. Re2 Qd7 15. Rd2 Rfd8 16. a3 Nc6 17. Be3 Qe8 18. e5 Rxd2 19. Qxd2 Rd8 20. Qe2 Qd7 21. Rd1 Qc8 22. Rxd8+ Nxd8 23. Ne4 Bd5 24. f4 Qc6 25. Nc3 Bxg2 26. Qxg2 Kf8 27. Qe4 Qxe4 28. Nxe4 Ke8 29. Kf2 Kd7 30. Ke2 Kc6 31. Kd3 a6 32. b4 f5 33. exf6 gxf6 34. Bd4 f5 35. Nf6 h6 36. Ng8 Bf8 37. h4 Kb5 38. Bb2 a5 39. bxa5 bxa5 40. h5 Nf7 41. Kc2 Ka4 42. Bc3 Nd6 43. Nf6 Bg7 44. Nd7 Bxc3 45. Kxc3 Kxa3 46. Nc5 a4 47. Kd4 Ne4 48. Nxa4 Kxa4 49. Ke5 Nxg3 50. Kxe6 Kb5 51. Kf6 Kc5 52. Kg6 Kd5 53. Kxh6 Ke4 54. Kg5 Nxh5 55. Kxh5 Kxf4 56. Kh4 Kf3 57. Kh3 f4 58. Kh2 Ke2 0-1

[Event "British Columbia-ch"]
[Site "Vancouver CAN"]
[Date "1999.04.01"]
[Round "1"]
[White "Niksic, John"]
[Black "Sokourinski, Sergei"]
[Result "1-0"]
[WhiteElo "2150"]
[BlackElo "2286"]
[PlyCount "113"]
[GameId "2160767911805284"]
[EventDate "1999.04.01"]
[EventType "tourn"]
[EventRounds "9"]
[EventCountry "CAN"]

1. d4 d5 2. Nf3 Nf6 3. c4 c6 4. Nc3 Bf5 5. cxd5 cxd5 6. Ne5 e6 7. Bg5 Qa5 8. e4 Bxe4 9. Bb5+ Nfd7 10. O-O Bb4 11. Rc1 Nc6 12. Bxc6 bxc6 13. Nxc6 Qb6 14. Nxe4 dxe4 15. Qa4 Bd6 16. Ne5 Qc7 17. Qxd7+ Qxd7 18. Nxd7 Kxd7 19. Rc4 Rhb8 20. b3 Rb5 21. Bh4 f5 22. f3 e3 23. f4 Ra5 24. a4 Rb8 25. Rc3 e2 26. Rff3 Rxa4 27. bxa4 Rb1+ 28. Be1 Rxe1+ 29. Kf2 Ra1 30. Kxe2 Rxa4 31. Kd3 Ra2 32. Rc2 Ra3+ 33. Ke2 Ra4 34. Rb3 Bb4 35. Rbb2 a5 36. Ra2 Rxa2 37. Rxa2 Kc6 38. Kd3 Kb5 39. Re2 a4 40. Rxe6 a3 41. Re5+ Kc6 42. Kc2 g6 43. g3 Kd7 44. Kb3 Bf8 45. Ra5 Ke6 46. d5+ Kd7 47. Ra7+ Kd6 48. Rf7 Be7 49. Kxa3 g5 50. Rxe7 Kxe7 51. Kb4 Kd6 52. Kc4 h6 53. Kd4 g4 54. Kc4 Kd7 55. Kc5 Ke7 56. Kc6 Kd8 57. Kd6 1-0

[Event "British Columbia-ch"]
[Site "Vancouver CAN"]
[Date "1999.04.02"]
[Round "2"]
[White "Martinovsky, Ian"]
[Black "Niksic, John"]
[Result "0-1"]
[WhiteElo "2261"]
[BlackElo "2150"]
[PlyCount "136"]
[GameId "2160767911805287"]
[EventDate "1999.04.01"]
[EventType "tourn"]
[EventRounds "9"]
[EventCountry "CAN"]

1. g3 Nf6 2. Bg2 d5 3. Nf3 Bf5 4. c4 e6 5. O-O Nbd7 6. cxd5 exd5 7. d3 Bd6 8. Nc3 O-O 9. Nb5 Be7 10. Bf4 c6 11. Bc7 Qc8 12. Nd6 Bxd6 13. Bxd6 Re8 14. Rc1 Nf8 15. Re1 Bh3 16. Bh1 h6 17. Qa4 Qd7 18. Be5 Ng4 19. Bc3 a5 20. e4 b5 21. Qc2 Ne6 22. exd5 cxd5 23. Ne5 Nxe5 24. Rxe5 d4 25. Rd5 Qc8 26. Bd2 Nf4 27. Bf3 Nxd5 28. Bxd5 Qxc2 29. Rxc2 Rac8 30. Rxc8 Rxc8 31. Bb3 Bf5 32. Bxa5 Bxd3 33. Bb6 Bc4 34. Bxd4 Bxb3 35. axb3 f6 36. b4 Kf7 37. Bc3 Ke6 38. Kf1 Kf5 39. f3 h5 40. h3 Ke6 41. Kf2 g6 42. Ke3 Rc4 43. f4 f5 44. Kf3 Kd5 45. Ke3 Re4+ 46. Kf3 Kc4 47. g4 hxg4+ 48. hxg4 Kb3 49. gxf5 gxf5 50. Kg3 Kc2 51. Be5 Rxb4 52. Kh4 Kd3 53. Kg5 Ke4 54. Kf6 Rb3 55. Ke6 Rf3 56. b4 Rxf4 57. Bxf4 Kxf4 58. Kd5 Ke3 59. Kc5 f4 60. Kxb5 f3 61. Kc6 f2 62. b5 f1=Q 63. b6 Qc4+ 64. Kd7 Qb5+ 65. Kc7 Qc5+ 66. Kb7 Kd4 67. Ka6 Qa3+ 68. Kb5 Qa8 0-1

[Event "British Columbia-ch"]
[Site "Vancouver CAN"]
[Date "1999.04.02"]
[Round "2"]
[White "Sokourinski, Sergei"]
[Black "Milicevic, Dragoljub"]
[Result "0-1"]
[WhiteElo "2286"]
[BlackElo "2226"]
[PlyCount "72"]
[GameId "2160767911805288"]
[EventDate "1999.04.01"]
[EventType "tourn"]
[EventRounds "9"]
[EventCountry "CAN"]

1. d4 g6 2. Nf3 f5 3. c4 Nf6 4. Nc3 Bg7 5. g3 O-O 6. Bg2 d6 7. O-O c6 8. Qc2 Na6 9. a3 Bd7 10. b3 Rc8 11. Qd3 Qe8 12. Qc2 e5 13. dxe5 dxe5 14. Be3 b6 15. Rad1 Ng4 16. Bc1 e4 17. Nd4 e3 18. f3 Nf2 19. Rxf2 exf2+ 20. Kxf2 Nc5 21. b4 Ne6 22. Nb3 c5 23. b5 Nd4 24. Qa2 Nxf3 25. Nd5 Nxh2 26. Bg5 Ng4+ 27. Kg1 h6 28. Be7 Rf7 29. Qd2 Rxe7 30. Nxe7+ Qxe7 31. Qxd7 Qe3+ 32. Kh1 Rf8 33. Rd3 Qxe2 34. Qd5+ Kh7 35. Qf3 Nf2+ 36. Kh2 Qxd3 0-1

[Event "British Columbia-ch"]
[Site "Vancouver CAN"]
[Date "1999.04.02"]
[Round "2"]
[White "Zuk, Robert"]
[Black "Ferguson, Jim"]
[Result "1/2-1/2"]
[WhiteElo "2305"]
[BlackElo "2195"]
[PlyCount "46"]
[GameId "2160767911805289"]
[EventDate "1999.04.01"]
[EventType "tourn"]
[EventRounds "9"]
[EventCountry "CAN"]
[SourceTitle "EXT 2001"]
[Source "ChessBase"]
[SourceDate "2000.11.22"]
[SourceVersion "1"]
[SourceVersionDate "2000.11.22"]
[SourceQuality "1"]

1. Nf3 Nf6 2. c4 g6 3. b3 Bg7 4. Bb2 O-O 5. g3 d6 6. Bg2 Nc6 7. O-O e5 8. Nc3 Bd7 9. d3 Qc8 10. Nd5 Re8 11. Re1 Ne7 12. Nd2 Nh5 13. e3 c6 14. Nxe7+ Rxe7 15. Ne4 Qc7 16. d4 Nf6 17. Nxf6+ Bxf6 18. dxe5 Bxe5 19. Qd2 Be6 20. Rad1 Rd7 21. h3 d5 22. cxd5 Bxd5 23. Bxe5 Qxe5 1/2-1/2

[Event "British Columbia-ch"]
[Site "Vancouver CAN"]
[Date "1999.04.02"]
[Round "3"]
[White "Ferguson, Jim"]
[Black "Sokourinski, Sergei"]
[Result "1/2-1/2"]
[WhiteElo "2195"]
[BlackElo "2286"]
[PlyCount "85"]
[GameId "2160767911805290"]
[EventDate "1999.04.01"]
[EventType "tourn"]
[EventRounds "9"]
[EventCountry "CAN"]

1. e4 c6 2. d4 d5 3. e5 c5 4. dxc5 Nc6 5. Bb5 e6 6. Qg4 h5 7. Bxc6+ bxc6 8. Qa4 Qc7 9. Be3 Nh6 10. Nc3 Ng4 11. Bd4 Nxe5 12. O-O-O Nd7 13. Re1 Bxc5 14. Bxc5 Nxc5 15. Qd4 Qb6 16. Qxg7 Rf8 17. Nge2 Rb8 18. b3 Qb4 19. Qe5 a5 20. Qd4 Rg8 21. g3 Ba6 22. h4 Rg4 23. Qxb4 axb4 24. Nd1 Bxe2 25. Rxe2 Rg8 26. Re5 Rh8 27. Rhe1 f6 28. R5e2 Kd7 29. Nb2 e5 30. Nd3 Ne4 31. Rxe4 dxe4 32. Nc5+ Ke7 33. Rxe4 Rhd8 34. Na6 Rb6 35. Nxb4 Rd4 36. Rxd4 exd4 37. Nd3 Rb8 38. Kd2 Kd6 39. Nf4 Rh8 40. Kd3 c5 41. a3 Rh7 42. Kc4 Re7 43. Kd3 1/2-1/2

[Event "British Columbia-ch"]
[Site "Vancouver CAN"]
[Date "1999.04.02"]
[Round "3"]
[White "Milicevic, Dragoljub"]
[Black "Martinovsky, Ian"]
[Result "1-0"]
[WhiteElo "2226"]
[BlackElo "2261"]
[PlyCount "57"]
[GameId "2160767911805292"]
[EventDate "1999.04.01"]
[EventType "tourn"]
[EventRounds "9"]
[EventCountry "CAN"]

1. Nf3 b6 2. g3 Bb7 3. Bg2 c5 4. O-O g6 5. c4 Bg7 6. Nc3 Nf6 7. d3 O-O 8. e4 d6 9. h3 h6 10. Be3 Nbd7 11. Qd2 Kh7 12. Nh2 a6 13. f4 Rb8 14. a4 e6 15. Rf2 Ne8 16. f5 gxf5 17. exf5 Bxg2 18. Kxg2 Nc7 19. Ne4 d5 20. f6 Bh8 21. Bxc5 Nxc5 22. Ng4 Nxe4 23. Qxh6+ Kg8 24. dxe4 Ne8 25. cxd5 Rb7 26. Qg5+ Bg7 27. dxe6 Qd4 28. e7 Qxe4+ 29. Kh2 1-0

[Event "British Columbia-ch"]
[Site "Vancouver CAN"]
[Date "1999.04.02"]
[Round "3"]
[White "Niksic, John"]
[Black "Davies, Alex"]
[Result "0-1"]
[WhiteElo "2150"]
[BlackElo "2143"]
[PlyCount "102"]
[GameId "2160767911805293"]
[EventDate "1999.04.01"]
[EventType "tourn"]
[EventRounds "9"]
[EventCountry "CAN"]

1. d4 d6 2. Nf3 Bg4 3. g3 g6 4. Bg2 Bg7 5. c4 Nd7 6. Nc3 c5 7. O-O Bxf3 8. Bxf3 cxd4 9. Nb5 Qb6 10. e3 d3 11. Bg2 a6 12. Na3 Ngf6 13. Rb1 O-O 14. Qxd3 Rfc8 15. b3 Rab8 16. Nc2 Nc5 17. Qe2 Nfe4 18. Bb2 Bxb2 19. Bxe4 Bg7 20. Bg2 Re8 21. Rfd1 Ne6 22. Qd2 Qc7 23. Nb4 Qa5 24. Nd5 Qxd2 25. Rxd2 b5 26. Rc1 b4 27. Bh3 Nc5 28. Bg2 Kf8 29. Nf4 Rec8 30. Nd3 Nd7 31. Bh3 e6 32. Nf4 Ke7 33. Rcd1 Rb6 34. Nd3 a5 35. Bg2 Rc7 36. f4 Ra7 37. Kf2 a4 38. Ke2 Bc3 39. Rc2 Rba6 40. Rb1 axb3 41. Rxb3 Rxa2 42. Rxa2 Rxa2+ 43. Kf1 Nc5 44. Nxc5 dxc5 45. h4 Ra3 46. Rb1 Bd2 47. Ke2 Bxe3 48. Be4 f5 49. Bc2 Ra2 50. Kd1 Bf2 51. Rb3 Ra3 0-1

[Event "British Columbia-ch"]
[Site "Vancouver CAN"]
[Date "1999.04.02"]
[Round "3"]
[White "Yoos, John"]
[Black "Zuk, Robert"]
[Result "1-0"]
[WhiteElo "2291"]
[BlackElo "2305"]
[PlyCount "73"]
[GameId "2160767911805294"]
[EventDate "1999.04.01"]
[EventType "tourn"]
[EventRounds "9"]
[EventCountry "CAN"]
[SourceTitle "EXT 2001"]
[Source "ChessBase"]
[SourceDate "2000.11.22"]
[SourceVersion "1"]
[SourceVersionDate "2000.11.22"]
[SourceQuality "1"]

1. e4 e6 2. d4 d5 3. e5 c5 4. c3 Nc6 5. Nf3 Qb6 6. a3 c4 7. Nbd2 Na5 8. Be2 Bd7 9. O-O Rc8 10. Re1 Ne7 11. Rb1 Nf5 12. g4 Ne7 13. Nh4 h5 14. gxh5 Nb3 15. Nxb3 Ba4 16. Bg5 Bxb3 17. Qd2 Ng8 18. Ng2 Nh6 19. Bf3 Be7 20. Bxe7 Kxe7 21. Ne3 Qd8 22. Kh1 Kf8 23. Rg1 Qh4 24. Rg3 Qf4 25. Qe2 Ng8 26. Rbg1 Qh6 27. Rg5 Ne7 28. h4 Ba4 29. Bg2 Be8 30. Ng4 Qh7 31. h6 gxh6 32. Nf6 hxg5 33. Nxh7+ Rxh7 34. Bf3 Rxh4+ 35. Kg2 Ng6 36. Kf1 Nf4 37. Qe3 1-0

[Event "British Columbia-ch"]
[Site "Vancouver CAN"]
[Date "1999.04.03"]
[Round "4"]
[White "Davies, Alex"]
[Black "Milicevic, Dragoljub"]
[Result "1-0"]
[WhiteElo "2143"]
[BlackElo "2226"]
[PlyCount "73"]
[GameId "2160767911805295"]
[EventDate "1999.04.01"]
[EventType "tourn"]
[EventRounds "9"]
[EventCountry "CAN"]

1. e4 g6 2. d4 Bg7 3. Nc3 d6 4. f4 a6 5. Nf3 b5 6. Bd3 Bb7 7. O-O c5 8. dxc5 b4 9. Ne2 dxc5 10. Be3 Qc7 11. c3 bxc3 12. Nxc3 e6 13. Rc1 Nf6 14. Na4 Nxe4 15. Bxe4 Bxe4 16. Nxc5 Bc6 17. Bd4 O-O 18. Bxg7 Kxg7 19. Qd4+ Kg8 20. Ne4 Qa7 21. Nf6+ Kg7 22. Rc5 Rc8 23. Rfc1 Kf8 24. Nxh7+ Kg8 25. Nf6+ Kf8 26. Kh1 Ke7 27. Ne4 Rd8 28. Qb4 Kf8 29. Rxc6+ Qe7 30. Qc3 f6 31. Nxf6 Nxc6 32. Ng4 Nd4 33. Nxd4 Rac8 34. Qxc8 Rxc8 35. Rxc8+ Kg7 36. Rc7 Qxc7 37. Nxe6+ 1-0

[Event "British Columbia-ch"]
[Site "Vancouver CAN"]
[Date "1999.04.03"]
[Round "4"]
[White "Martinovsky, Ian"]
[Black "Ferguson, Jim"]
[Result "1-0"]
[WhiteElo "2261"]
[BlackElo "2195"]
[PlyCount "63"]
[GameId "2160767911805297"]
[EventDate "1999.04.01"]
[EventType "tourn"]
[EventRounds "9"]
[EventCountry "CAN"]

1. f4 c5 2. Nf3 g6 3. c4 Bg7 4. Nc3 Nc6 5. g3 Nf6 6. Bg2 O-O 7. O-O d6 8. d3 Rb8 9. Kh1 Bd7 10. Nh4 e6 11. e4 Nd4 12. Ne2 Nxe2 13. Qxe2 b5 14. f5 exf5 15. exf5 Qe8 16. Qf3 Rb6 17. g4 Bc6 18. Qh3 Bxg2+ 19. Qxg2 bxc4 20. g5 cxd3 21. gxf6 Bxf6 22. fxg6 fxg6 23. Bh6 Rf7 24. Rae1 Re7 25. Qd5+ Kh8 26. Rxe7 Bxe7 27. Rf7 Qg8 28. Bg7+ Qxg7 29. Rxg7 Kxg7 30. Nf3 Rxb2 31. a3 Rb1+ 32. Kg2 1-0

[Event "British Columbia-ch"]
[Site "Vancouver CAN"]
[Date "1999.04.03"]
[Round "5"]
[White "Ferguson, Jim"]
[Black "Davies, Alex"]
[Result "0-1"]
[WhiteElo "2195"]
[BlackElo "2143"]
[PlyCount "44"]
[GameId "2160767911805300"]
[EventDate "1999.04.01"]
[EventType "tourn"]
[EventRounds "9"]
[EventCountry "CAN"]

1. c4 d6 2. Nc3 e5 3. g3 Nc6 4. Bg2 g6 5. e3 Bg7 6. Nge2 f5 7. d3 Nf6 8. Rb1 O-O 9. b4 Rb8 10. O-O Be6 11. Nd5 Ne7 12. e4 c6 13. Nxf6+ Rxf6 14. Bg5 Rf8 15. Qc1 Qc7 16. b5 Kh8 17. a4 Ng8 18. Be3 c5 19. b6 axb6 20. Qb2 f4 21. Qxb6 Qxb6 22. Rxb6 fxe3 0-1

[Event "British Columbia-ch"]
[Site "Vancouver CAN"]
[Date "1999.04.03"]
[Round "5"]
[White "Milicevic, Dragoljub"]
[Black "Milat, Marcel"]
[Result "0-1"]
[WhiteElo "2226"]
[BlackElo "2242"]
[PlyCount "100"]
[GameId "2160767911805301"]
[EventDate "1999.04.01"]
[EventType "tourn"]
[EventRounds "9"]
[EventCountry "CAN"]
[SourceTitle "EXT 2001"]
[Source "ChessBase"]
[SourceDate "2000.11.22"]
[SourceVersion "1"]
[SourceVersionDate "2000.11.22"]
[SourceQuality "1"]

1. Nf3 Nf6 2. g3 b6 3. Bg2 Bb7 4. O-O c5 5. c4 e6 6. Re1 Be7 7. Nc3 d6 8. e4 a6 9. d4 cxd4 10. Nxd4 Qc7 11. Be3 O-O 12. Rc1 Nbd7 13. f4 Rfe8 14. b3 Rac8 15. g4 h6 16. h3 Qb8 17. f5 Nf8 18. Qd2 e5 19. Nc2 b5 20. cxb5 axb5 21. Nb4 Qa8 22. Ncd5 Nxd5 23. exd5 Nh7 24. Nc6 Bg5 25. Bxg5 Nxg5 26. h4 Nh7 27. f6 Nxf6 28. g5 hxg5 29. hxg5 Nh5 30. g6 fxg6 31. Qg5 Nf4 32. Rc2 Bxc6 33. dxc6 Qa7+ 34. Kh2 Kf7 35. Rf1 Rh8+ 36. Kg3 Qe3+ 37. Rf3 Qe1+ 38. Rcf2 Rh5 39. Rxf4+ exf4+ 40. Qxf4+ Rf5 41. Bd5+ Ke7 42. Qe4+ Qxe4 43. Bxe4 Rxf2 44. Kxf2 Kf6 45. Ke3 Ke5 46. Bd3 Rxc6 47. Bxb5 Rc2 48. a4 Rc3+ 49. Bd3 Rxb3 50. a5 Ra3 0-1

[Event "British Columbia-ch"]
[Site "Vancouver CAN"]
[Date "1999.04.03"]
[Round "5"]
[White "Niksic, John"]
[Black "Hallam, John"]
[Result "1-0"]
[WhiteElo "2150"]
[BlackElo "2296"]
[PlyCount "93"]
[GameId "2160767911805302"]
[EventDate "1999.04.01"]
[EventType "tourn"]
[EventRounds "9"]
[EventCountry "CAN"]

1. d4 d5 2. Nf3 Nc6 3. g3 Bf5 4. Bg2 e6 5. O-O Nf6 6. Bg5 Be7 7. Nbd2 h6 8. Bxf6 Bxf6 9. e3 O-O 10. Re1 Re8 11. c4 a6 12. a3 Nb8 13. e4 dxe4 14. Nxe4 Nc6 15. Nxf6+ Qxf6 16. Ne5 Red8 17. Bxc6 bxc6 18. Nxc6 Rd6 19. Qf3 Re8 20. Rad1 Bc2 21. Qxf6 gxf6 22. Rd2 Ba4 23. Na5 Rb8 24. b3 Bxb3 25. c5 Rdd8 26. Nc6 Ba4 27. Nxd8 Rxd8 28. Rb1 Bc6 29. f4 Kg7 30. Kf2 Kg6 31. Ke3 Kf5 32. Rdb2 Bb5 33. Rb4 h5 34. h3 Rg8 35. Rg1 Bc6 36. Rb2 Bd5 37. Rb4 Bc6 38. Rbb1 Bb5 39. Rb3 e5 40. dxe5 fxe5 41. g4+ hxg4 42. hxg4+ Ke6 43. f5+ Kd5 44. g5 Kxc5 45. Rc3+ Kb6 46. g6 f6 47. Rb1 1-0

[Event "British Columbia-ch"]
[Site "Vancouver CAN"]
[Date "1999.04.04"]
[Round "6"]
[White "Hallam, John"]
[Black "Sokourinski, Sergei"]
[Result "1/2-1/2"]
[WhiteElo "2296"]
[BlackElo "2286"]
[PlyCount "240"]
[GameId "2160767911805306"]
[EventDate "1999.04.01"]
[EventType "tourn"]
[EventRounds "9"]
[EventCountry "CAN"]

1. d4 d5 2. c4 c6 3. Nf3 Nf6 4. Nc3 Bf5 5. cxd5 cxd5 6. Qb3 Qb6 7. Qxb6 axb6 8. Nb5 Na6 9. Bd2 Ne4 10. Rc1 Nxd2 11. Kxd2 f6 12. e3 Bd7 13. a3 e6 14. Rc2 Be7 15. Bd3 Kf7 16. Rhc1 g6 17. Nc3 Nc7 18. Ne2 Bc6 19. Rxc6 bxc6 20. Rxc6 Rhc8 21. Rxb6 Rab8 22. Rxb8 Rxb8 23. Kc2 Ra8 24. Nc3 Bxa3 25. bxa3 Rxa3 26. Kb2 Ra8 27. Nd2 Ke7 28. Nb3 Rb8 29. f3 Kf7 30. Na4 Ne8 31. Kc2 Nc7 32. Nbc5 Ra8 33. e4 dxe4 34. fxe4 Ke7 35. Bc4 Rd8 36. Nb3 Ra8 37. Nc3 f5 38. e5 Rd8 39. Be2 Ra8 40. h3 Rd8 41. Bc4 Rc8 42. Kd3 Kf7 43. Nb5 Nxb5 44. Bxb5 Ra8 45. Bc4 Ra3 46. Ke2 Ra2+ 47. Kf3 Rc2 48. Bd3 Rc3 49. Nc5 h6 50. g4 Rc1 51. gxf5 gxf5 52. Kf2 Ke7 53. h4 Rc3 54. h5 Rc1 55. Ke3 Rh1 56. Be2 Rh4 57. Bf3 Rh2 58. Nd3 Ra2 59. Be2 Ra3 60. Bd1 Ra1 61. Bb3 Rg1 62. Nc5 Rg3+ 63. Kf2 Rh3 64. Bxe6 Rxh5 65. d5 Rh2+ 66. Kg3 Rd2 67. Kf4 h5 68. Kxf5 Rd4 69. d6+ Rxd6 70. exd6+ Kxd6 71. Ne4+ Kc6 72. Kg5 Kb5 73. Kxh5 Kb4 74. Kg4 Kb5 75. Kf4 Kb4 76. Ke3 Kb5 77. Kd4 Kc6 78. Kc4 Kc7 79. Kc5 Kd8 80. Kd6 Ke8 81. Bg4 Kf7 82. Kd7 Kg6 83. Ke8 Kg7 84. Ke7 Kg6 85. Kf8 Kh6 86. Kf7 Kh7 87. Kf6 Kg8 88. Bf5 Kf8 89. Nd6 Kg8 90. Nf7 Kf8 91. Bh7 Ke8 92. Ne5 Kf8 93. Nd7+ Ke8 94. Ke6 Kd8 95. Bg6 Kc7 96. Ke7 Kc6 97. Ke6 Kb5 98. Kd5 Kb4 99. Kd4 Kb5 100. Be4 Kb4 101. Bd5 Kb5 102. Kc3 Ka4 103. Bc6+ Ka3 104. Nc5 Ka2 105. Be4 Ka3 106. Nb3 Ka2 107. Bd3 Ka3 108. Bb1 Ka4 109. Kc4 Ka3 110. Kc3 Ka4 111. Nd4 Ka3 112. Nb5+ Ka4 113. Kc4 Ka5 114. Kc5 Ka6 115. Nd6 Ka5 116. Bc2 Ka6 117. Bb3 Ka5 118. Nb7+ Ka6 119. Kc6 Ka7 120. Bc4 Kb8 1/2-1/2

[Event "British Columbia-ch"]
[Site "Vancouver CAN"]
[Date "1999.04.04"]
[Round "6"]
[White "Milat, Marcel"]
[Black "Ferguson, Jim"]
[Result "1-0"]
[WhiteElo "2242"]
[BlackElo "2195"]
[PlyCount "41"]
[GameId "2160767911805308"]
[EventDate "1999.04.01"]
[EventType "tourn"]
[EventRounds "9"]
[EventCountry "CAN"]
[SourceTitle "EXT 2001"]
[Source "ChessBase"]
[SourceDate "2000.11.22"]
[SourceVersion "1"]
[SourceVersionDate "2000.11.22"]
[SourceQuality "1"]

1. d4 Nf6 2. c4 g6 3. Nc3 Bg7 4. e4 d6 5. Be2 O-O 6. Nf3 e5 7. O-O Nc6 8. d5 Ne7 9. b4 Nh5 10. Re1 Nf4 11. Bf1 h6 12. c5 g5 13. Nd2 f5 14. cxd6 cxd6 15. Nc4 Kh8 16. b5 fxe4 17. Nxe4 Bf5 18. Ncxd6 Nexd5 19. Nxf5 Rxf5 20. g3 Ne6 21. Bh3 1-0

[Event "British Columbia-ch"]
[Site "Vancouver CAN"]
[Date "1999.04.04"]
[Round "6"]
[White "Niksic, John"]
[Black "Milicevic, Dragoljub"]
[Result "0-1"]
[WhiteElo "2150"]
[BlackElo "2226"]
[PlyCount "110"]
[GameId "2160767911805309"]
[EventDate "1999.04.01"]
[EventType "tourn"]
[EventRounds "9"]
[EventCountry "CAN"]

1. d4 f5 2. c4 g6 3. Nc3 Nf6 4. g3 Bg7 5. Bg2 O-O 6. Nf3 d6 7. O-O c6 8. Qc2 Na6 9. a3 Qe8 10. b4 e5 11. dxe5 dxe5 12. e4 Nc7 13. Be3 b6 14. Rad1 Ng4 15. Bc1 f4 16. h3 Nh6 17. g4 Ne6 18. Qb3 Kh8 19. Rd3 Bd7 20. Rfd1 Rd8 21. Qa2 c5 22. Nd5 Nd4 23. Nxd4 cxd4 24. f3 Rc8 25. Bd2 Nf7 26. Rc1 Nd8 27. Bf1 Ne6 28. Rb3 Rf7 29. Be1 Bf8 30. Rb2 Bc6 31. Rbc2 Qd7 32. h4 d3 33. Bxd3 Nd4 34. Rf2 h5 35. Bc3 hxg4 36. Bxd4 exd4 37. fxg4 Bxd5 38. exd5 f3 39. g5 Qg4+ 40. Kh1 Bd6 41. Bxg6 Qxh4+ 42. Rh2 Bxh2 43. Qxh2 Qxh2+ 44. Kxh2 Rg7 45. Bf5 Rf8 46. Bh3 Rxg5 47. d6 Kg7 48. Rg1 Rxg1 49. Kxg1 Kf6 50. c5 bxc5 51. bxc5 Ke5 52. d7 Kd5 53. Bg4 f2+ 54. Kf1 Kxc5 55. Bh5 Kd6 0-1

[Event "British Columbia-ch"]
[Site "Vancouver CAN"]
[Date "1999.04.04"]
[Round "7"]
[White "Ferguson, Jim"]
[Black "Niksic, John"]
[Result "1-0"]
[WhiteElo "2195"]
[BlackElo "2150"]
[PlyCount "101"]
[GameId "2160767911805310"]
[EventDate "1999.04.01"]
[EventType "tourn"]
[EventRounds "9"]
[EventCountry "CAN"]

1. e4 e6 2. d4 d5 3. e5 c5 4. Nf3 cxd4 5. Bd3 Nc6 6. O-O Be7 7. Qe2 h5 8. Nbd2 Bd7 9. a3 a5 10. c4 dxc3 11. bxc3 Bc5 12. c4 Nge7 13. cxd5 Nxd5 14. Ne4 Be7 15. Nd6+ Bxd6 16. exd6 Bc8 17. Bc4 Qxd6 18. Bb2 Bd7 19. Rfd1 Kf8 20. Rac1 f6 21. Nh4 Nce7 22. f4 b5 23. Bxd5 exd5 24. Re1 Re8 25. Bd4 Kf7 26. Qf2 Nf5 27. Bc5 Rxe1+ 28. Rxe1 Qc6 29. Nxf5 Bxf5 30. Re7+ Kg6 31. h3 Re8 32. Qg3+ Bg4 33. Rxe8 Qxe8 34. hxg4 hxg4 35. Qxg4+ Kh7 36. Qh3+ Kg8 37. Qe3 Qh5 38. Qe6+ Kh7 39. Qh3 Qxh3 40. gxh3 Kg6 41. Kf2 Kf5 42. Ke3 g5 43. fxg5 Kxg5 44. Bb6 b4 45. a4 b3 46. Kd3 Kf4 47. Bxa5 f5 48. Bd2+ Kf3 49. a5 b2 50. Kc2 Ke2 51. a6 1-0

[Event "British Columbia-ch"]
[Site "Vancouver CAN"]
[Date "1999.04.04"]
[Round "7"]
[White "Milicevic, Dragoljub"]
[Black "Hallam, John"]
[Result "1/2-1/2"]
[WhiteElo "2226"]
[BlackElo "2296"]
[PlyCount "116"]
[GameId "2160767911805311"]
[EventDate "1999.04.01"]
[EventType "tourn"]
[EventRounds "9"]
[EventCountry "CAN"]

1. Nf3 Nf6 2. g3 g6 3. Bg2 Bg7 4. O-O O-O 5. d4 d5 6. h3 c6 7. e3 a5 8. a4 Nbd7 9. Nbd2 Re8 10. Ne5 Nxe5 11. dxe5 Nd7 12. f4 f6 13. c4 fxe5 14. cxd5 cxd5 15. Bxd5+ e6 16. Bg2 exf4 17. exf4 Nb6 18. Qb3 Nd5 19. Nc4 b6 20. Rd1 Rb8 21. Ne3 Kh8 22. f5 gxf5 23. Nxd5 exd5 24. Bf4 Rb7 25. Bxd5 Qe7 26. Rac1 Rd7 27. Re1 Qxe1+ 28. Rxe1 Rxe1+ 29. Kf2 Rb1 30. Qc4 Rxb2+ 31. Kf3 Rd8 32. Qc7 Re8 33. Bf7 Bd4 34. g4 fxg4+ 35. hxg4 Rf2+ 36. Kg3 Rxf4 37. Bxe8 Rxg4+ 38. Kf3 Bf5 39. Qd8 Kg7 40. Qe7+ Kh6 41. Qd6+ Kg5 42. Qd8+ Kh6 43. Qc7 Kg5 44. Qc1+ Kf6 45. Qh6+ Ke7 46. Bh5 Rg1 47. Kf4 Bg6 48. Bf3 Rb1 49. Qg5+ Bf6 50. Qd5 Rb4+ 51. Kg3 Bd4 52. Bg4 Kf6 53. Qd6+ Kg7 54. Qe7+ Kh6 55. Qf8+ Bg7 56. Qe7 Bd4 57. Qf8+ Bg7 58. Qd6 Bd4 1/2-1/2